00465nam a2200157Ia 4500003000400000008004100004040001600045082001800061100001800079245006500097260003500162300001100197650003600208650002000244650004300264GCL140319s9999 xx 000 0 eng d aGCL / cGCL04a005.7565bS U1 aSIMPSON, ALAN10aUNDERSTANDING DBASE IV 2.0 FOR DOS, 4TH ED / cSIMPSON, ALAN a[S.N] : bSYBEX INC. ، c1993 a1008 P04aDBASE IV 2.0 (COMPUTER PROGRM )04aCOMPUTER PROGRM04aDOS DEVICE DRIVERS (COMPUTER PROGRAM )